000 00511nam a2200193 a 4500
001 1774864617006
003 YourLibrary
005 20260330153037.0
008 260330s2009##################000#0#eng##
020 _a9781108003766
082 0 4 _a359.00941
_bHOD
100 1 _aHodges, Harold Winter,
_eauthor.
245 1 0 _aSelect Naval Documents :
260 _bCambridge University Press,
_c2009.
300 _a256 pages
650 0 _aHistory.
942 _cENGLISH
040 _aYourLibrary
_beng
_cYourLibrary
999 _c618306
_d618306